Návrh podporného systému pre časové rozvrhovanie činností pracovníkov : Diplomová práca

Gespeichert in:
Bibliographische Detailangaben
1. Verfasser: Hudcovský, Marián (Verfasst von)
Weitere Verfasser: Doskočil, Zdenko (xxx)
Format: Manuskript Buch
Sprache:Slowakisch
Veröffentlicht: Trnava : SVŠT v Bratislave StF KAIS, 1991
Schlagworte:
Tags: Tag hinzufügen
Keine Tags, Fügen Sie das erste Tag hinzu!

MARC

LEADER 00000ntm a22000003a 4500
001 stu57547
005 20160719162712.7
008 010404s1991----cs------------------slo-d
040 |a STU  |b slo 
041 0 |a slo 
044 |a cs 
100 1 |a Hudcovský, Marián  |4 aut 
245 1 |a Návrh podporného systému pre časové rozvrhovanie činností pracovníkov :  |b Diplomová práca 
260 |a Trnava :  |b SVŠT v Bratislave StF KAIS,  |c 1991 
300 |a 112 s  |c príl 
650 7 |a Systém informačný-rozvrh činností  |2 stusub 
650 7 |a Automatizované systémy riadenia výrobných procesov v strojárstve  |2 stusub 
700 1 |a Doskočil, Zdenko  |4 xxx  |u M  |T MTF Materiálovotechnologická fakulta  |U M  |Y 60 
996 |b 284M024229  |c M*DP-1460  |l MMSKP  |s P  |a 0  |w stu57547_0001